000 00943cam a22002653a 4500
001 5261
003 PGUSA
005 20140828083117.0
008 040301s2004||||xxu|||||s|||||000 1 eng d
040 _aPGUSA
_beng
042 _adc
050 4 _aPS
100 1 _aReeve, Arthur B.
_q(Arthur Benjamin),
_d1880-1936
245 1 0 _aConstance Dunlap
_h[electronic resource] /
_cArthur B. Reeve
260 _bProject Gutenberg,
_c2004
500 _aCraig Kennedy Series
505 0 _aThe forgers -- The embezzlers -- The gun runners -- The gamblers -- The eavesdroppers -- The clairvoyants -- The plungers -- The abductors -- The shoplifters -- The blackmailers -- The dope fiends -- The fugitives.
506 _aPublic domain in the USA.
516 _aElectronic text
653 _aCrime -- Fiction
653 _aCriminals -- Fiction
830 0 _aProject Gutenberg
_v5261
856 4 0 _uhttp://www.gutenberg.org/ebooks/5261
942 _cEB
999 _c234590
_d234590